| 000 | 01047pam a2200277 a 4500 | ||
|---|---|---|---|
| 999 |
_c128297 _d128297 |
||
| 001 | 1877796 | ||
| 003 | ARRUPE | ||
| 005 | 20181002144147.0 | ||
| 008 | 830421s1983 nyu b 000 0 eng | ||
| 010 | _a 83008819 | ||
| 020 |
_a0818904364 _c$14.95 |
||
| 040 |
_aDLC _cDLC _dDLC |
||
| 050 | 0 | 0 | _aBX2003.M647 |
| 082 | 0 | 0 |
_a252/.02 _219 |
| 100 | 1 |
_aMiller, Charles Edward, _d1929- _942710 |
|
| 245 | 1 | 4 |
_aThe Word made flesh : _bhomilies for the Sundays of the three cycles / _cby Charles E. Miller, Oscar J. Miller, Michael M. Roebert. |
| 260 |
_aNew York : _bAlba House, _cc1983. |
||
| 300 |
_a353 p. ; _c21 cm. |
||
| 500 | _a"Compiled from, Announcing the good news, Breaking the bread, and Communicating Christ." | ||
| 504 | _aIncludes bibliographical references. | ||
| 610 | 2 | 0 |
_aCatholic Church _xSermons. _93001 |
| 650 | 0 |
_aSermons, American _y20th century. _93003 |
|
| 700 | 1 |
_aMiller, Oscar J., _d1913- _942711 |
|
| 700 | 1 |
_aRoebert, Michael M. _942712 |
|
| 906 |
_a7 _bcbc _corignew _d1 _eocip _f19 _gy-gencatlg |
||
| 942 |
_2lcc _cMONOGRAPH |
||